Pokemon Ranger Shadows of Almia All Mandatory Captures - Statistics

General Stats
  • This quiz has been taken 3 times
  • The average score is 69 of 120
Answer Stats
Answer % Correct
Bidoof
100%
Darkrai
100%
Drapion
100%
Tangrowth
100%
Absol/Scizor
67%
Aggron
67%
Bastiodon
67%
Beedrill
67%
Bellossom
67%
Blastoise
67%
Blaziken
67%
Budew
67%
Cacnea
67%
Cacturne
67%
Carnivine
67%
Cresselia
67%
Croagunk
67%
Doduo
67%
Drifblim
67%
Drifloon
67%
Dusclops
67%
Dusknoir
67%
Electabuzz
67%
Electivire
67%
Elekid/Voltorb
67%
Empoleon
67%
Espeon
67%
Finneon/Corsola
67%
Flareon
67%
Froslass
67%
Gabite
67%
Garchomp
67%
Gardevoir
67%
Gastly
67%
Gastrodon
67%
Gliscor
67%
Golbat
67%
Golem/Probopass/Tyranitar
67%
Growlithe
67%
Happiny
67%
Heatran
67%
Hippowdon
67%
Houndoom
67%
Infernape
67%
Jolteon
67%
Kangaskhan
67%
Koffing
67%
Kricketot
67%
Lucario
67%
Luxray
67%
Machoke
67%
Magcargo
67%
Magmortar
67%
Magnezone
67%
Mantine
67%
Miltank
67%
Mime Jr.
67%
Murkrow
67%
Nosepass
67%
Pachirisu/Starly/Munchlax
67%
Pichu
67%
Rampardos
67%
Rattata
67%
Riolu
67%
Sceptile
67%
Sharpedo
67%
Shiftry
67%
Skorupi
67%
Slakoth
67%
Slugma
67%
Spinarak
67%
Spiritomb
67%
Starmie
67%
Staryu
67%
Taillow
67%
Torkoal
67%
Toxicroak
67%
Tyranitar
67%
Umbreon
67%
Vaporeon
67%
Vaporeon/Chatot and Pelipper
67%
Weezing
67%
Yanmega
67%
Zubat
67%
Alakazam
33%
Bagon
33%
Banette
33%
Bronzong
33%
Bronzor
33%
Claydol
33%
Gallade
33%
Gengar
33%
Gloom
33%
Gorebyss
33%
Horsea
33%
Houndour
33%
Huntail
33%
Hypno
33%
Kingdra
33%
Machamp
33%
Mamoswine
33%
Mareep
33%
Mismagius
33%
Monferno
33%
Mr. Mime
33%
Ninetales
33%
Numel
33%
Nuzleaf
33%
Rhyhorn
33%
Rhyperior
33%
Sandshrew
33%
Seadra
33%
Seedot
33%
Shelgon
33%
Skarmory
33%
Skuntank
33%
Stunky
33%
Wailord
33%
Floatzle
0%
Mothim
0%
No matching quizzes found
Score Distribution
Percent of People with Each Score
Percentile by Number Answered
Your Score History
You have not taken this quiz